00305pab a2200121 454500008004000000100002000040245005400060260000900114300000800123362001100131650002700142773001400169180718b2001 xxu||||| |||| 00| 0 eng d aKanwal, Gurmeet aCyber warfare: new threats in the information age c2001 ap.6 a10 Feb aInformation technology aStatesman